| 000 | 00511nam a22001697a 4500 | ||
|---|---|---|---|
| 005 | 20251108172908.0 | ||
| 008 | 250721s1985 xx 000 0 ara d | ||
| 082 | 1 | 4 | _a634.6 / سجس |
| 100 | 1 | _aالسجستاني، ابو حاتم سهل بن محمد.... | |
| 245 | 1 | 0 | _aكتاب النخل / |
| 264 | 1 |
_aالرياض : _bدار اللواء للنشر والتوزيع، _c1985. |
|
| 300 | _a161 ص | ||
| 650 | 1 | 7 | _aالزراعة |
| 650 | 1 | 7 | _aنخيل البلح |
| 942 |
_2ddc _cBK |
||
| 999 |
_c91176 _d91176 |
||